| 000 | 01075cam a2200253 4500 | ||
|---|---|---|---|
| 001 | ABS68011 | ||
| 008 | 040730n2004 000 0 eng u | ||
| 035 | _a(Sirsi) u126987 | ||
| 100 | _aMcConnell, T. | ||
| 245 | _aSpecial report: leisure | ||
| 260 | _c2004 | ||
| 490 |
_aProperty Week _v69(27) 2 July 2004, 53-64(6) |
||
| 520 | _a"House party" reports that big casino operators are looking to move into the bingo market, to the displeasure of the bingo operators. "Chairman of the boards" reports on the company Extreme Group's aim to bring surfing and skateboarding within everyone's reach through a chain of indoor leisure attractions to be built across the UK. "Moving up the food chain" discusses how two London-based companies are planning to take good food to the masses by going public. | ||
| 590 | _aABS | ||
| 590 | _aABS | ||
| 650 | _aLEISURE MARKET | ||
| 650 | _aBINGO OPERATORS | ||
| 650 | _aGAMBLING | ||
| 650 | _aCASINO REGULATION | ||
| 650 | _aRESTAURANTS | ||
| 650 | _aENTERTAINMENT | ||
| 690 | _aCOMMERCIAL PROPERTY-MARKET | ||
| 942 | _n0 | ||
| 999 |
_c117802 _d117802 |
||